00481cam a22001697a 4500020001800000041001200018082001300030100002100043245002900064260004700093300001300140500001100153650003400164942000700198952008900205999001700294 a9788129113306 aEnglish a823bKHA1 aKhan, Aminuddin,12aA way through the woods  aNew Delhi :bOrient Longman Limitedc1997. a178 p. ; aNovel. aHyderabad (India) -- Fiction. cBK 00104070aHMIbHMIcGENd2018-08-09l0o823 KHAp17465r2018-08-09w2018-08-09yBK c21325d21325